Adjusting to New Realities MENA, The Uruguay Round, and the EU-Mediterranean Initiative

Gespeichert in:
Bibliographische Detailangaben
1. Verfasser: Alonso-Gamo, Patricia
Weitere Verfasser: Fennell, Susan, Sakr, Khaled
Format: Buch
Sprache:Englisch
Veröffentlicht: Washington, D.C. International Monetary Fund 1997
Schriftenreihe:IMF Working Paper 5
Schlagworte:
Tags: Tag hinzufügen
Keine Tags, Fügen Sie das erste Tag hinzu!

MARC

LEADER 00000nam a2200000 4500
001 c020905
005 20260105095744.6
041 0 |a eng 
044 |a US 
245 1 0 |a Adjusting to New Realities  |b MENA, The Uruguay Round, and the EU-Mediterranean Initiative  |c Patricia Alonso-Gamo, Susan Fennell, Khaled Sakr 
264 1 |a Washington, D.C.  |b International Monetary Fund  |c 1997 
300 |a 51 s. 
490 1 |a IMF Working Paper  |v 5 
830 0 |a IMF Working Paper  |v 5 
610 2 0 |a liberalizácia 
610 2 0 |a rokovania obchodné 
610 2 0 |a situácia hospodárska 
610 2 0 |a spolupráca hospodárska medzinárodná 
610 2 0 |a Afrika 
610 2 0 |a Európska únia 
610 2 0 |a vzťahy hospodárske medzinárodné 
100 1 |a Alonso-Gamo, Patricia 
700 1 |a Fennell, Susan 
700 1 |a Sakr, Khaled